000 02154nam0a2200349 i 4500
001 RU\NLR\bibl\1991505
005 20260405091156.0
010 _a978581355775
_9420
021 _aRU
_b2012-101155
_97460
035 _a(NLR Aleph) 001980025
090 _a4077018
_c4077018
100 _a20130124d2012 u y0rusy50 ca
101 0 _arus
102 _aRU
105 _aa |||||||||
200 1 _aТеплотехника
_eучебник
_eдля студентов высших учебных заведений, обучающихся по направлению 250400.62 "Технология и оборудование лесозаготовительных и деревоперерабатывающих производств"
_fЮ.П. Семенов, А.Б. Левин
_gМ-во образования и науки Рос. Федерации, Федер. гос. бюджет. образоват. учреждение высш. проф. образования "Моск. гос. ун-т леса"
210 _aМосква
_cИзд-во Московского государственного университета леса
_d2012
215 _a387 с.
_cил.
_d21
225 1 _aУчебник для вузов
300 _aНа 4-й с. обл. авт.: Семенов Ю.П. засл. работник высш. шк., д.чл. МАНЕВШ, д.т.н., проф., Левин А.Б. к.т.н., проф.
320 _aБиблиогр.: с. 376 (15 назв.)
320 _aПредм. указ.: с. 377-380
606 _aТеплотехника
_jУчебники для высших учебных заведений
_9940978
_3RU\NLR\auth\6629507
686 _aЗ3я73-1
700 1 _4070
_8rus
_7ca
_aСеменов
_bЮ. П.
_cд-р техн. наук
_gЮрий Павлович
_3RU\NLR\auth\7732644
_915652
701 1 _4070
_8rus
_7ca
_aЛевин
_bА. Б.
_cканд. техн. наук, литератор
_f1938-
_gАндрей Борисович
_3RU\NLR\auth\7731975
_914985
801 0 _aRU
_bNLR
_c20130124
_gRCR
801 1 _aRU
_bNLR
_c20130124
830 _aавт. по кн.
942 _cBOOK
980 _aNBR